000
00284nam a22001337a 4500
008
170316b xxu||||| |||| 00| 0 eng d
020
_a
007817391956
041
_a
eng
080
_2
3 ED
_a
611
100
_a
7
101
_a
SHM
245
_a
PHYSIOLOGY
_c
COSTANZO.S.L
942
_2
udc
_c
BK
999
_c
7957
_d
7957